Nauka o zboží Poživatiny

Salvato in:
Dettagli Bibliografici
Autore principale: Fusková, Ludmila
Ente Autore: Vysoká škola ekonomická v Praze. Obchodní fakulta
Altri autori: Skoková, Marie
Natura: Libro
Lingua:ceco
Pubblicazione: Praha Státní pedagogické nakladatelství 1986
Edizione:1. vyd.
Tags: Aggiungi Tag
Nessun Tag, puoi essere il primo ad aggiungerne!!

MARC

LEADER 00000nam a2200000 4500
001 c030019
005 20221220072130.5
041 0 |a cze 
044 |a CZ 
245 1 0 |a Nauka o zboží  |b Poživatiny  |c Ludmila Fusková, Marie Skoková 
250 |a 1. vyd. 
264 1 |a Praha  |b Státní pedagogické nakladatelství  |c 1986 
300 |a 244 s. 
100 1 |a Fusková, Ludmila 
700 1 |a Skoková, Marie 
710 2 |a Vysoká škola ekonomická v Praze. Obchodní fakulta